Reengineering management : the mandate for new leadership

Αποθηκεύτηκε σε:
Λεπτομέρειες βιβλιογραφικής εγγραφής
Κύριος συγγραφέας: Champy, James 1942-
Μορφή: Βιβλίο
Γλώσσα:English
Δημοσίευση: London : Harper Collins, c1995
Θέματα:
Ετικέτες: Προσθήκη ετικέτας
Δεν υπάρχουν, Καταχωρήστε ετικέτα πρώτοι!

MARC

LEADER 00000nam a2200000 i 4500
001 1/45705
008 971204s1995 eng d
020 |a 0006383467 
035 |l 10026190 
040 |a GR-MY-UA  |b gre  |e aacr 
041 0 |a eng 
082 0 |a 658.409 
100 1 |a Champy, James  |d 1942- 
245 1 0 |a Reengineering management :  |b the mandate for new leadership /  |c James Champy 
260 |a London :   |b Harper Collins,   |c c1995 
300 |a xii, 212 p. 
504 |a Includes index 
650 0 0 |a Industrial management  |z United States. 
650 0 0 |a Organizational change  |z United States. 
650 0 0 |a Executives  |z United States. 
650 0 0 |a Leadership. 
650 0 0 |a Reengineering (Management) 
852 |a INST  |b CHIOS  |e 19971204  |h 658.409 CHA  |p 005200010261  |q 005200010261  |t BK  |y 0 
901 |a BIBL-1997-3 
909 |a Χ  |b 051385 
922 |a 2ΕΛΗ  |b 199711  |c ΒΑΛΙΡΗΣ  |d ΠΑΠΑΣΩΤΗΡΙΟΥ